[Event "Bunratty Masters 2015"]
[Site "Bunratty IRL"]
[Date "2015.02.22"]
[Round "5.11"]
[White "Fitzsimons, David"]
[Black "Walton, Alan J"]
[Result "1-0"]
[WhiteTitle "FM"]
[BlackTitle "CM"]
[WhiteElo "2389"]
[BlackElo "2130"]
[WhiteFideId "2501961"]
[BlackFideId "409898"]
[EventDate "2015.02.20"]

1. e4 e6 2. d4 d5 3. Nc3 Nf6 4. e5 Nfd7 5. f4 c5 6. Nf3 Nc6 7. Be3 Be7 8. Qd2
O-O 9. dxc5 Nxc5 10. O-O-O Qa5 11. Kb1 Rd8 12. Qf2 b6 13. Nd4 Nxd4 14. Bxd4 Bb7
15. g4 Ne4 16. Nxe4 dxe4 17. Qe3 Rac8 18. Bg2 Qd5 19. Rhe1 f5 20. exf6 Bxf6 21.
c3 e5 22. fxe5 Bxe5 23. h3 Qd6 24. Bxe4 Bxd4 25. Rxd4 Bxe4+ 26. Qxe4 Qf6 27.
Red1 h6 28. a3 Rxd4 29. Rxd4 Rd8 30. Rxd8+ Qxd8 31. Qe6+ Kh7 32. Ka2 Qh4 33.
Qe4+ Kh8 34. Qa8+ Kh7 35. Qxa7 Qxh3 36. Qd7 Qf3 37. a4 Qf1 38. Qe6 Qf4 39. Ka3
Qc7 40. Qd5 Qe7+ 41. b4 Qe1 42. Qd4 Qa1+ 43. Kb3 Qb1+ 44. Kc4 Qf1+ 45. Qd3+ 1-0

[Event "Bunratty Masters 2015"]
[Site "Bunratty IRL"]
[Date "2015.02.22"]
[Round "5.14"]
[White "Larisch, Rolf"]
[Black "Cafolla, Peter"]
[Result "1-0"]
[WhiteElo "2155"]
[BlackElo "2060"]
[WhiteFideId "12976350"]
[BlackFideId "2500884"]
[EventDate "2015.02.20"]

1. d4 d5 2. c4 e6 3. Nf3 c5 4. cxd5 exd5 5. Nc3 Nc6 6. e3 Nf6 7. Be2 a6 8. O-O
Bd6 9. b3 O-O 10. Bb2 Re8 11. Rc1 Be6 12. dxc5 Bxc5 13. Nxd5 Qxd5 14. Qxd5 Nxd5
15. Rxc5 Rad8 16. a3 Nb6 17. Bxa6 Bxb3 18. Bxb7 Na4 19. Rxc6 Bd5 20. Bd4 1-0

[Event "Bunratty Masters 2015"]
[Site "Bunratty IRL"]
[Date "2015.02.22"]
[Round "5.15"]
[White "Murray, David"]
[Black "O'Donnell, Conor"]
[Result "0-1"]
[WhiteElo "2162"]
[BlackElo "2190"]
[WhiteFideId "2501511"]
[BlackFideId "2504243"]
[EventDate "2015.02.20"]

1. e4 c6 2. d4 d5 3. e5 Bf5 4. Nc3 e6 5. g4 Bg6 6. Nge2 c5 7. Be3 h5 8. Nf4 Bh7
9. dxc5 Nc6 10. Nxh5 d4 11. Nb5 dxe3 12. Nd6+ Bxd6 13. cxd6 Qa5+ 14. c3 exf2+
15. Kxf2 Qc5+ 16. Ke1 Qxe5+ 17. Be2 O-O-O 0-1

[Event "Bunratty Masters 2015"]
[Site "Bunratty IRL"]
[Date "2015.02.22"]
[Round "5.16"]
[White "Fehr, Jukka"]
[Black "Van Der Zwet, Bart"]
[Result "0-1"]
[WhiteElo "1973"]
[BlackElo "2118"]
[WhiteFideId "4674693"]
[BlackFideId "1004204"]
[EventDate "2015.02.20"]

1. d4 Nf6 2. Nf3 b6 3. e3 e6 4. Bd3 Bb7 5. Nbd2 d5 6. Ne5 Bd6 7. f4 O-O 8. O-O
Qe7 9. Ndf3 c5 10. c3 Ba6 11. Bxa6 Nxa6 12. Qe2 Qb7 13. b3 Rac8 14. Bb2 cxd4 15.
exd4 Rc7 16. c4 Nb8 17. Rac1 Rfc8 18. Rfe1 Ne4 19. g3 Nc6 20. Nd3 Nb4 21. a3
Nxd3 22. Qxd3 Qa6 23. Rxe4 dxe4 24. Qxe4 Qb7 25. Qd3 Bf8 26. f5 exf5 27. Qxf5 g6
28. Qf4 Bg7 29. Ne5 Re7 30. d5 Qc7 31. Rd1 Bxe5 0-1

[Event "Bunratty Masters 2015"]
[Site "Bunratty IRL"]
[Date "2015.02.22"]
[Round "5.17"]
[White "Moynihan, Kieran"]
[Black "Fox, Anthony"]
[Result "1/2-1/2"]
[WhiteElo "2180"]
[BlackElo "2036"]
[WhiteFideId "2500663"]
[BlackFideId "2500736"]
[EventDate "2015.02.20"]

1. d4 d5 2. c4 e6 3. Nc3 Nf6 4. cxd5 exd5 5. Bg5 c6 6. Qc2 h6 7. Bh4 g6 8. e3
Bf5 9. Bd3 Bxd3 10. Qxd3 Nbd7 11. f4 Be7 12. Bxf6 Nxf6 13. Nf3 O-O 14. O-O Kg7
15. h3 Bb4 16. Ne5 Bxc3 17. bxc3 Ne4 18. Rfb1 Qe7 19. c4 f6 20. cxd5 cxd5 21.
Nf3 Rac8 22. Rc1 1/2-1/2

[Event "Bunratty Masters 2015"]
[Site "Bunratty IRL"]
[Date "2015.02.22"]
[Round "5.19"]
[White "O'Connor, Jonathan"]
[Black "Thee, Bernd"]
[Result "1-0"]
[WhiteElo "2147"]
[BlackElo "1994"]
[WhiteFideId "2501112"]
[BlackFideId "2505630"]
[EventDate "2015.02.20"]

1. d4 d5 2. c4 e6 3. Nc3 c5 4. cxd5 cxd4 5. Qxd4 Nc6 6. Qd1 exd5 7. Qxd5 Bd7 8.
Nf3 Nf6 9. Qd1 Bc5 10. e3 Qe7 11. Be2 O-O-O 12. O-O g5 13. b4 Bxb4 14. Bb2 g4
15. Nd4 h5 16. Nxc6 Bxc6 17. Qc2 Kb8 18. Rfd1 h4 19. Qf5 Rhg8 20. Nb5 Rxd1+ 21.
Rxd1 Ne8 22. Qf4+ Ka8 23. Qxb4 1-0

[Event "Bunratty Masters 2015"]
[Site "Bunratty IRL"]
[Date "2015.02.22"]
[Round "5.20"]
[White "Wolferink, Frans"]
[Black "Pahor, Milos"]
[Result "0-1"]
[WhiteElo "2084"]
[BlackElo "2068"]
[WhiteFideId "1003917"]
[BlackFideId "14602962"]
[EventDate "2015.02.20"]

1. e4 c5 2. Nf3 e6 3. d4 cxd4 4. Nxd4 a6 5. Be2 Nf6 6. Nc3 Qc7 7. O-O Be7 8. Bf3
O-O 9. Re1 d6 10. Be3 Nbd7 11. a4 Ne5 12. a5 Nc4 13. Na4 Nxe3 14. Rxe3 Qxa5 15.
Rb3 Rb8 16. Nc6 bxc6 17. Rxb8 Qc7 18. Rb3 e5 19. c4 Be6 20. Rc1 h6 21. Rb6 g5
22. h3 Qc8 23. Qe2 Bd8 24. Rb3 Bc7 25. Qe3 Ne8 26. Qa7 a5 27. Rcc3 Qd8 28. Rb7
Bc8 29. Rbb3 Be6 30. Nb6 Nf6 31. Qxa5 Nd7 0-1

[Event "Bunratty Masters 2015"]
[Site "Bunratty IRL"]
[Date "2015.02.22"]
[Round "5.21"]
[White "Harding, Tim D"]
[Black "MacElligott, Gerard"]
[Result "0-1"]
[BlackTitle "CM"]
[WhiteElo "2106"]
[BlackElo "2080"]
[WhiteFideId "2500256"]
[BlackFideId "2500647"]
[EventDate "2015.02.20"]

1. d4 Nf6 2. Nc3 d5 3. Bg5 e6 4. e4 Be7 5. e5 Nfd7 6. Bxe7 Qxe7 7. Qd2 a6 8. Nd1
c5 9. c3 Nc6 10. f4 O-O 11. Nf3 f6 12. Nf2 b5 13. Be2 Bb7 14. O-O Rac8 15. Kh1
Rc7 16. Nd3 b4 17. exf6 Rxf6 18. Nde5 Rf8 19. Qe3 bxc3 20. Nxc6 Bxc6 21. bxc3
Bb5 22. Ng5 Re8 23. Bxb5 axb5 24. Qd3 Nf6 25. Qxb5 h6 26. Nf3 Ne4 27. Rac1 Rec8
28. Qb3 Qf6 29. g3 cxd4 30. Nxd4 Nd2 31. Qb6 Nxf1 32. Rxf1 e5 33. Qxf6 gxf6 34.
fxe5 fxe5 35. Ne2 Re8 36. Rf5 Rce7 0-1

[Event "Bunratty Masters 2015"]
[Site "Bunratty IRL"]
[Date "2015.02.22"]
[Round "5.22"]
[White "Ackley, Peter J E"]
[Black "Rawlinson, Aidan M"]
[Result "1-0"]
[WhiteElo "2038"]
[BlackElo "2182"]
[WhiteFideId "414824"]
[BlackFideId "413496"]
[EventDate "2015.02.20"]

1. g4 g6 2. c4 Bg7 3. Nc3 d6 4. Bg2 Nc6 5. g5 e5 6. h4 h6 7. Nf3 h5 8. d3 Nge7
9. Bd2 O-O 10. Rb1 d5 11. cxd5 Nxd5 12. Nxe5 Nxc3 13. Nxc6 Nxd1 14. Nxd8 Nxf2
15. Kxf2 Rxd8 16. Bc3 c6 17. Bxg7 Kxg7 18. b4 Be6 19. a3 a6 20. Ke3 Bd5 21. Bxd5
Rxd5 22. d4 Rad8 23. Rhd1 b6 24. Ke4 Rf5 25. Rf1 Re8+ 26. Kd3 Rxf1 27. Rxf1 Re6
28. e4 f6 29. d5 cxd5 30. exd5 Rd6 31. Kd4 Kf7 32. a4 Ke7 33. a5 fxg5 34. hxg5
bxa5 35. bxa5 Rd8 36. Rf6 Rd6 37. Kc5 Rxf6 38. gxf6+ Kxf6 39. d6 h4 40. Kc6 1-0

[Event "Bunratty Masters 2015"]
[Site "Bunratty IRL"]
[Date "2015.02.22"]
[Round "6.3"]
[White "Baburin, Alexander"]
[Black "Jones, Gawain C B"]
[Result "1/2-1/2"]
[WhiteTitle "GM"]
[BlackTitle "GM"]
[WhiteElo "2485"]
[BlackElo "2670"]
[WhiteFideId "2500914"]
[BlackFideId "409561"]
[EventDate "2015.02.20"]

1. d4 Nf6 2. Nf3 g6 3. g3 Bg7 4. Bg2 O-O 5. O-O d6 6. b3 Nc6 7. Bb2 e5 8. dxe5
Nd7 9. Nc3 Ndxe5 10. Nxe5 Bxe5 11. Qd2 Re8 12. e3 Be6 13. h3 Qd7 14. Kh2 f5 15.
Rae1 Bg7 16. f4 Bf6 17. Ba1 Kh8 18. e4 fxe4 19. Nxe4 Bxa1 20. Rxa1 Bxh3 21. Nxd6
Red8 22. Nf7+ Qxf7 23. Qc3+ Qg7 24. Qxg7+ Kxg7 25. Kxh3 Rd2 26. Rad1 Rad8 27.
Rxd2 Rxd2 28. Bxc6 bxc6 29. Re1 Kf6 30. Re5 Rxc2 31. Ra5 c5 32. Rxa7 c4 33. bxc4
Rxc4 34. a4 g5 1/2-1/2

[Event "Bunratty Masters 2015"]
[Site "Bunratty IRL"]
[Date "2015.02.22"]
[Round "6.4"]
[White "Pert, Nicholas"]
[Black "L'Ami, Alina"]
[Result "1-0"]
[WhiteTitle "GM"]
[BlackTitle "IM"]
[WhiteElo "2565"]
[BlackElo "2392"]
[WhiteFideId "403989"]
[BlackFideId "1210246"]
[EventDate "2015.02.20"]

1. d4 Nf6 2. Nf3 g6 3. g3 Bg7 4. Bg2 O-O 5. O-O d6 6. Nc3 d5 7. Bf4 c6 8. h3
Nbd7 9. Qc1 Re8 10. Bh6 e5 11. Bxg7 Kxg7 12. dxe5 Nxe5 13. Nxe5 Rxe5 14. e3 Bf5
15. Qd2 Ne4 16. Nxe4 Bxe4 17. Qc3 Bxg2 18. Qxe5+ f6 19. Qf4 Bxf1 20. Rxf1 Qd7
21. Rd1 Re8 22. c4 Re5 23. h4 Qf7 24. b3 dxc4 25. bxc4 Qe7 26. Qg4 Re6 27. c5 b6
28. cxb6 axb6 29. Qd4 b5 30. Qd7 Qxd7 31. Rxd7+ Kg8 32. Rc7 Rd6 33. Kg2 f5 34.
h5 g5 35. Kf3 h6 36. e4 Rd3+ 37. Ke2 Ra3 38. Rxc6 Rxa2+ 39. Ke3 Ra3+ 40. Kd4
Ra4+ 41. Ke5 fxe4 42. Rxh6 Ra2 43. Kxe4 Rxf2 44. Rg6+ Kh7 45. Rxg5 b4 46. Rb5
Kh6 47. g4 b3 48. Ke3 1-0

[Event "Bunratty Masters 2015"]
[Site "Bunratty IRL"]
[Date "2015.02.22"]
[Round "6.5"]
[White "Norwood, David R"]
[Black "Bates, Richard A"]
[Result "1/2-1/2"]
[WhiteTitle "GM"]
[BlackTitle "IM"]
[WhiteElo "2502"]
[BlackElo "2342"]
[WhiteFideId "400106"]
[BlackFideId "403555"]
[EventDate "2015.02.20"]

1. g3 g6 2. Bg2 Bg7 3. c4 Nf6 4. Nc3 O-O 5. e4 c5 6. Nge2 Nc6 7. d3 d6 8. h3 Ne8
9. Be3 Nd4 10. Rb1 Nc7 11. b4 b6 12. O-O Bb7 13. f4 f5 14. g4 e6 15. gxf5 exf5
16. bxc5 dxc5 17. Nd5 Nxd5 18. cxd5 fxe4 19. dxe4 Ba6 20. Bxd4 Bxe2 21. Qxe2
Bxd4+ 22. Kh1 Qh4 23. e5 Rxf4 24. d6 Raf8 25. e6 Rxf1+ 26. Rxf1 Rxf1+ 27. Qxf1
Bf6 28. Qe2 Kf8 29. Qe4 Qxe4 30. Bxe4 c4 31. Kg2 b5 32. Kf3 b4 33. Bd5 c3 34.
Bb3 a5 1/2-1/2

[Event "Bunratty Masters 2015"]
[Site "Bunratty IRL"]
[Date "2015.02.22"]
[Round "6.6"]
[White "Lalic, Bogdan"]
[Black "Heidenfeld, Mark"]
[Result "1-0"]
[WhiteTitle "GM"]
[BlackTitle "IM"]
[WhiteElo "2483"]
[BlackElo "2376"]
[WhiteFideId "409081"]
[BlackFideId "2500990"]
[EventDate "2015.02.20"]

1. d4 Nf6 2. c4 e6 3. Nf3 Bb4+ 4. Nbd2 d5 5. Qa4+ Nc6 6. a3 Bxd2+ 7. Bxd2 dxc4
8. Qxc4 Qd6 9. g3 e5 10. dxe5 Nxe5 11. Nxe5 Qxe5 12. Bc3 Qe6 13. Qxc7 O-O 14.
Bg2 Re8 15. O-O Nd5 16. Qa5 Nxc3 17. Qxc3 Qxe2 18. Rfe1 Qb5 19. Bc6 1-0

[Event "Bunratty Masters 2015"]
[Site "Bunratty IRL"]
[Date "2015.02.22"]
[Round "6.7"]
[White "Short, Philip M"]
[Black "Hebden, Mark L"]
[Result "0-1"]
[WhiteTitle "FM"]
[BlackTitle "GM"]
[WhiteElo "2294"]
[BlackElo "2491"]
[WhiteFideId "2500086"]
[BlackFideId "400084"]
[EventDate "2015.02.20"]

1. c4 g6 2. Nc3 Bg7 3. g3 Nf6 4. Bg2 O-O 5. e4 c5 6. Nge2 Nc6 7. O-O d6 8. d3 a6
9. a3 Bg4 10. f3 Bd7 11. Rb1 a5 12. Be3 Ne8 13. a4 Nd4 14. b3 Nc7 15. Qd2 e5 16.
Bh6 Nce6 17. Bxg7 Kxg7 18. f4 exf4 19. gxf4 f5 20. Nxd4 Nxd4 21. Ne2 Qf6 22.
Nxd4 Qxd4+ 23. Qf2 Qxf2+ 24. Rxf2 Rae8 25. Re1 Re7 26. h4 Bc6 27. Kh2 d5 28. e5
Rd8 29. Rc1 d4 30. Bf1 h6 31. Be2 g5 32. Rg1 Rh8 33. fxg5 Rxe5 34. gxh6+ Kf6 35.
h5 Rxh6 36. Kh3 Be8 37. Kh4 Rxe2 38. Rxe2 Bxh5 39. Rf2 Be2+ 40. Kg3 Bxd3 41. Rd1
Be4 42. Rdd2 Kg5 43. Rf1 Rh4 44. Kf2 Rh3 0-1

[Event "Bunratty Masters 2015"]
[Site "Bunratty IRL"]
[Date "2015.02.22"]
[Round "6.8"]
[White "Tunka, Philipp"]
[Black "Rendle, Thomas E"]
[Result "0-1"]
[BlackTitle "IM"]
[WhiteElo "2010"]
[BlackElo "2378"]
[WhiteFideId "4638867"]
[BlackFideId "408760"]
[EventDate "2015.02.20"]

1. d4 e6 2. c4 f5 3. Nf3 Nf6 4. g3 d5 5. Bg2 c6 6. O-O Bd6 7. b3 Qe7 8. Bb2 O-O
9. Nbd2 b6 10. Ne5 Bb7 11. Qc2 a5 12. Nd3 Na6 13. a3 Rac8 14. Rfc1 c5 15. dxc5
bxc5 16. Be5 Ne4 17. f3 Nf6 18. Re1 Nd7 19. Bxd6 Qxd6 20. cxd5 exd5 21. e4 c4
22. bxc4 dxc4 23. Nf2 Qd4 24. f4 c3 25. Nf3 Qc4 26. Bf1 Qc7 27. Nd4 Nac5 28.
Qxc3 fxe4 29. Nb3 Nxb3 30. Qxb3+ Kh8 31. Qe3 Nf6 32. Rac1 Qe7 33. Bg2 Rfe8 34.
Rxc8 Rxc8 35. Nxe4 Nxe4 36. Bxe4 Re8 37. Bxb7 Qxe3+ 38. Rxe3 Rxe3 39. a4 Ra3 40.
Bc6 Ra1+ 41. Kg2 Ra2+ 42. Kg1 g6 43. Bd7 Kg7 44. Kh1 Kf6 45. Kg1 Ke7 46. Bb5 Kf6
47. Be8 Ke7 48. Bb5 Ke6 49. Be8 Kd5 50. h4 Kc5 0-1

[Event "Bunratty Masters 2015"]
[Site "Bunratty IRL"]
[Date "2015.02.22"]
[Round "6.9"]
[White "Pein, Malcolm"]
[Black "Fitzsimons, David"]
[Result "1-0"]
[WhiteTitle "IM"]
[BlackTitle "FM"]
[WhiteElo "2344"]
[BlackElo "2389"]
[WhiteFideId "400289"]
[BlackFideId "2501961"]
[EventDate "2015.02.20"]

1. Nf3 c5 2. c4 Nc6 3. Nc3 g6 4. e3 Nf6 5. d4 cxd4 6. exd4 d5 7. cxd5 Nxd5 8.
Bc4 Nb6 9. Bb3 Bg7 10. Be3 O-O 11. O-O Na5 12. d5 Bg4 13. h3 Bxf3 14. Qxf3 Nbc4
15. Rfe1 Nxe3 16. Qxe3 Nxb3 17. axb3 Bxc3 18. bxc3 Qxd5 19. c4 Qc6 20. Rxa7 Rxa7
21. Qxa7 e6 22. Qd4 Qc7 23. Rd1 Ra8 24. c5 Qc6 25. b4 Qb5 26. Qe4 Qc6 27. Qc4 b6
28. Rd6 Qc7 29. Qd4 bxc5 30. bxc5 h5 31. h4 Qa5 32. Kh2 Rc8 33. Rd7 Qb5 34. Rd8+
Rxd8 35. Qxd8+ Kg7 36. Qd6 Qe2 37. Qd4+ e5 38. Qc3 Qxf2 39. c6 Qxh4+ 40. Kg1 Qd8
41. c7 Qc8 42. Qxe5+ Kh7 43. Qe7 Qf5 44. Qd8 Qc5+ 45. Kh2 Qe5+ 46. Kg1 Qc5+ 47.
Kf1 Qf5+ 48. Ke2 Qe4+ 49. Kf2 Qf4+ 50. Ke2 Qe4+ 51. Kd1 Qg4+ 52. Kc1 Qc4+ 53.
Kd2 Qf4+ 54. Kd3 Qg3+ 55. Kd4 Qf2+ 56. Kd3 Qg3+ 57. Kd4 Qf2+ 58. Ke5 Qe2+ 59.
Kd6 Qe6+ 60. Kc5 Qe5+ 61. Kc4 Qf4+ 62. Kc5 Qe5+ 63. Kc6 Qe6+ 64. Qd6 Qe8+ 65.
Qd7 Qe4+ 66. Qd5 Qa4+ 67. Kb6 Qb4+ 68. Kc6 Qa4+ 69. Kd6 Qe8 70. Qc4 Qc8 71.
Qxf7+ Kh6 72. Qf4+ Kh7 73. Qf7+ Kh6 74. Qd7 Qf8+ 75. Kc6 Qf6+ 76. Qd6 Qc3+ 77.
Kd7 Qg7+ 78. Ke8 1-0

[Event "Bunratty Masters 2015"]
[Site "Bunratty IRL"]
[Date "2015.02.22"]
[Round "6.10"]
[White "O'Donnell, Conor"]
[Black "Hayes, Peter J."]
[Result "1-0"]
[WhiteElo "2190"]
[BlackElo "2099"]
[WhiteFideId "2504243"]
[BlackFideId "2502569"]
[EventDate "2015.02.20"]

1. d4 d5 2. c4 c6 3. Nf3 Nf6 4. Nbd2 Bf5 5. Nh4 Be6 6. e3 g6 7. Bd3 Bg7 8. O-O
Nbd7 9. h3 c5 10. Nhf3 O-O 11. b3 Bf5 12. Bxf5 gxf5 13. Bb2 e6 14. Rc1 Rc8 15.
Qe2 Qe7 16. Rfd1 cxd4 17. Nxd4 Rfd8 18. cxd5 Nxd5 19. Rxc8 Rxc8 20. Nc4 a6 21.
Nxf5 exf5 22. Rxd5 b5 23. Nd6 Rc7 24. Nxf5 Qe6 25. Qg4 1-0

[Event "Bunratty Masters 2015"]
[Site "Bunratty IRL"]
[Date "2015.02.22"]
[Round "6.11"]
[White "Quinn, Rory"]
[Black "Allen, Keith"]
[Result "1/2-1/2"]
[WhiteElo "2121"]
[BlackElo "2210"]
[WhiteFideId "2501643"]
[BlackFideId "2501147"]
[EventDate "2015.02.20"]

1. e4 e5 2. Nc3 Nc6 3. Bc4 Nf6 4. d3 Na5 5. Nge2 Bc5 6. O-O d6 7. a3 Nxc4 8.
dxc4 Be6 9. Qd3 a6 10. b3 O-O 11. Be3 Bxe3 12. Qxe3 Ng4 13. Qd3 f5 14. f3 Nh6
15. f4 Qh4 16. Nd5 fxe4 17. Qxe4 Bf5 18. Qf3 c6 19. Ne3 Bg4 20. Nxg4 Nxg4 21. h3
Nh6 22. Qc3 Nf5 23. Qd3 e4 24. Qxe4 Rae8 25. Qf3 Ne3 26. Rf2 Nxc2 27. Ra2 Re3
28. Qg4 Qxg4 29. hxg4 Ne1 30. Nd4 Nd3 31. Rf3 Rxf3 32. Nxf3 Nxf4 33. Rd2 d5 1/2-1/2

[Event "Bunratty Masters 2015"]
[Site "Bunratty IRL"]
[Date "2015.02.22"]
[Round "6.12"]
[White "Benson, Oisin P."]
[Black "Larisch, Rolf"]
[Result "1/2-1/2"]
[WhiteElo "2019"]
[BlackElo "2155"]
[WhiteFideId "2501821"]
[BlackFideId "12976350"]
[EventDate "2015.02.20"]

1. d4 Nf6 2. c4 g6 3. Nc3 Bg7 4. Nf3 O-O 5. e4 d6 6. Be2 e5 7. O-O Nc6 8. d5 Ne7
9. a4 a5 10. Ne1 c6 11. dxc6 bxc6 12. b3 Be6 13. Ba3 Ne8 14. Ra2 Qc7 15. Rd2 Rd8
16. Nc2 f5 17. b4 axb4 18. Bxb4 Bh6 19. Ne3 f4 20. Ng4 Bg7 21. h3 Rf7 22. Qc2 c5
23. Nb5 Qb6 24. Bc3 Nc6 25. Rb1 Qa6 26. a5 Nd4 27. Qa4 Rb7 28. Rdb2 h5 29. Nh2
Bd7 30. f3 Rdb8 31. Bd3 Bf6 32. Qa2 Kg7 33. Na3 Nc7 34. Nf1 Bc6 35. Nd2 1/2-1/2

[Event "Bunratty Masters 2015"]
[Site "Bunratty IRL"]
[Date "2015.02.22"]
[Round "6.13"]
[White "Van Der Zwet, Bart"]
[Black "Bourached, Anthony"]
[Result "0-1"]
[WhiteElo "2118"]
[BlackElo "1963"]
[WhiteFideId "1004204"]
[BlackFideId "2504456"]
[EventDate "2015.02.20"]

1. Nf3 c5 2. c3 d5 3. d4 Nc6 4. Bg5 cxd4 5. Nxd4 f6 6. Bh4 e5 7. Nf3 Nge7 8.
Nbd2 Be6 9. e4 dxe4 10. Nxe4 Nf5 11. Bb5 Qb6 12. Bxc6+ Qxc6 13. Ned2 Bc5 14. Qe2
h5 15. h3 O-O-O 16. Ne4 Bc4 0-1

[Event "Bunratty Masters 2015"]
[Site "Bunratty IRL"]
[Date "2015.02.22"]
[Round "6.14"]
[White "Moran, Stephen"]
[Black "Moynihan, Kieran"]
[Result "1-0"]
[WhiteElo "2062"]
[BlackElo "2180"]
[WhiteFideId "2501872"]
[BlackFideId "2500663"]
[EventDate "2015.02.20"]

1. d4 f5 2. Bg5 g6 3. Nc3 Bg7 4. f3 d5 5. e3 c6 6. h4 Nf6 7. Nh3 Be6 8. Nf4 Bf7
9. h5 Nxh5 10. Nxh5 gxh5 11. Bd3 Bg6 12. Qd2 Qd6 13. f4 Nd7 14. Ne2 h6 15. Bh4
e6 16. O-O-O b5 17. Qa5 Bf6 18. Ng3 Qe7 19. Bxf6 Nxf6 20. Be2 Ng4 21. Bxg4 hxg4
22. Rh2 Kf8 23. Rdh1 Kg7 24. Qa6 Qc7 25. Qa3 Rab8 26. Qc5 b4 27. a4 bxa3 28.
Qxa3 Rb5 29. Qc3 Rbb8 30. Kd2 Qb6 31. Ra1 h5 32. Rh4 Kf7 33. b3 Rb7 34. Rah1 Rc7
35. Nxh5 Bxh5 36. Rxh5 Rxh5 37. Rxh5 Kg6 38. Rh8 Rh7 39. Rxh7 Kxh7 40. Qc5 1-0

[Event "Bunratty Masters 2015"]
[Site "Bunratty IRL"]
[Date "2015.02.22"]
[Round "6.15"]
[White "Walton, Alan J"]
[Black "Doyle, Hugh"]
[Result "1/2-1/2"]
[WhiteTitle "CM"]
[WhiteElo "2130"]
[BlackElo "1924"]
[WhiteFideId "409898"]
[BlackFideId "2500876"]
[EventDate "2015.02.20"]

1. d4 Nf6 2. Bg5 d5 3. Nd2 Bf5 4. Ngf3 Nbd7 5. e3 e6 6. Bd3 Bg6 7. O-O Be7 8.
Qe2 O-O 9. c3 Ne4 10. Bxe7 Qxe7 11. Ne1 e5 12. Nxe4 dxe4 13. Bc2 Kh8 14. Qb5
exd4 15. cxd4 Nb6 16. Bb3 c6 17. Qe2 f5 18. f3 exf3 19. Nxf3 Bf7 20. Bxf7 Rxf7
21. Ne5 Rf6 22. Rac1 Re8 23. Rf3 Nd7 24. Nxd7 Qxd7 25. Qd3 Re4 26. Rc5 g6 27.
Qxe4 fxe4 28. Rxf6 Qg4 29. Rc3 Kg7 1/2-1/2

[Event "Bunratty Masters 2015"]
[Site "Bunratty IRL"]
[Date "2015.02.22"]
[Round "6.16"]
[White "Pahor, Milos"]
[Black "O'Connor, Jonathan"]
[Result "1/2-1/2"]
[WhiteElo "2068"]
[BlackElo "2147"]
[WhiteFideId "14602962"]
[BlackFideId "2501112"]
[EventDate "2015.02.20"]

1. d4 Nf6 2. Nf3 g6 3. Bf4 c5 4. c3 b6 5. Nbd2 Bb7 6. e3 Bg7 7. h3 O-O 8. a4 d6
9. Bb5 a6 10. Be2 Nbd7 11. O-O Re8 12. Bh2 Qc7 13. Qb1 Qc6 14. b4 Ne4 15. b5
axb5 16. Bxb5 Nxd2 17. Bxc6 Nxb1 18. Bxb7 Ra7 19. Rfxb1 Rxb7 20. Nd2 Ra8 21. Nc4
Rba7 22. Nxb6 Nxb6 23. Rxb6 Rxa4 24. Rxa4 Rxa4 25. Rb8+ Bf8 26. Rb1 Rc4 27. Rb3
Bh6 28. Kf1 cxd4 1/2-1/2

[Event "Bunratty Masters 2015"]
[Site "Bunratty IRL"]
[Date "2015.02.22"]
[Round "6.17"]
[White "MacElligott, Gerard"]
[Black "Ackley, Peter J E"]
[Result "1/2-1/2"]
[WhiteTitle "CM"]
[WhiteElo "2080"]
[BlackElo "2038"]
[WhiteFideId "2500647"]
[BlackFideId "414824"]
[EventDate "2015.02.20"]

1. Nf3 e6 2. g3 f5 3. Bg2 Nf6 4. O-O d5 5. c4 Bd6 6. Nc3 O-O 7. d3 dxc4 8. dxc4
Nc6 9. e4 e5 10. Qd3 Bc5 11. Qxd8 Rxd8 12. Bg5 Rf8 13. Nh4 Nxe4 14. Nxe4 fxe4
15. Bxe4 Bd4 16. Rab1 Bh3 17. Ng2 Bg4 18. Be3 Be2 1/2-1/2

[Event "Bunratty Masters 2015"]
[Site "Bunratty IRL"]
[Date "2015.02.22"]
[Round "6.19"]
[White "Murray, David"]
[Black "Denger, Philipp"]
[Result "1-0"]
[WhiteElo "2162"]
[BlackElo "2088"]
[WhiteFideId "2501511"]
[BlackFideId "4678150"]
[EventDate "2015.02.20"]

1. e4 e6 2. d4 d5 3. Nc3 Bb4 4. e5 c5 5. a3 Bxc3+ 6. bxc3 Qc7 7. Qg4 f5 8. Qg3
cxd4 9. cxd4 Ne7 10. Ne2 O-O 11. a4 Qxc2 12. Ba3 Qxa4 13. Qc3 Qd7 14. Nf4 Re8
15. Be2 Nec6 16. g4 Qf7 17. g5 Nd7 18. g6 hxg6 19. Rg1 Nf8 20. Nxg6 Ne7 21. Nf4
Bd7 22. Bh5 g6 23. Bxe7 Qxe7 24. Nxg6 Nxg6 25. Rxg6+ Kh7 26. Qd2 Qf8 27. Rf6 Qg7
28. Rf7 Re7 29. Rxg7+ Rxg7 30. Ke2 Bb5+ 31. Ke3 Rg2 32. Qb4 1-0

[Event "Bunratty Masters 2015"]
[Site "Bunratty IRL"]
[Date "2015.02.22"]
[Round "6.20"]
[White "Cafolla, Peter"]
[Black "Fehr, Jukka"]
[Result "1/2-1/2"]
[WhiteElo "2060"]
[BlackElo "1973"]
[WhiteFideId "2500884"]
[BlackFideId "4674693"]
[EventDate "2015.02.20"]

1. d4 f5 2. Nf3 Nf6 3. g3 g6 4. Bg2 Bg7 5. O-O O-O 6. c4 d6 7. b4 e5 8. dxe5 Ne4
9. Bb2 Qe8 10. Nbd2 Nc6 11. b5 Nxd2 12. Qxd2 Nxe5 13. Nxe5 dxe5 14. Qc3 1/2-1/2

[Event "Bunratty Masters 2015"]
[Site "Bunratty IRL"]
[Date "2015.02.22"]
[Round "6.21"]
[White "Thee, Bernd"]
[Black "Harding, Tim D"]
[Result "0-1"]
[WhiteElo "1994"]
[BlackElo "2106"]
[WhiteFideId "2505630"]
[BlackFideId "2500256"]
[EventDate "2015.02.20"]

1. d4 d5 2. c4 c6 3. Nf3 Nf6 4. cxd5 cxd5 5. Nc3 Nc6 6. Bf4 a6 7. e3 Bg4 8. Qb3
Bxf3 9. Qxb7 Na5 10. Qc7 Bg4 11. Qxd8+ Kxd8 12. Rc1 Bd7 13. Bd3 e6 14. O-O Nb7
15. e4 dxe4 16. Nxe4 Nd5 17. Bg3 h6 18. a3 f5 19. Nc3 Nxc3 20. Rxc3 Bd6 21. Rfc1
f4 0-1